| 000 | 01167nam a2200289 u 4500 | ||
|---|---|---|---|
| 001 | 000019033 | ||
| 003 | DO-SdBNP | ||
| 005 | 20250307073709.0 | ||
| 008 | 100524s1975 dr 000 0 spa d | ||
| 040 |
_aDO-SdBNP _bspa _cBNPHU |
||
| 082 |
_a928.61 _bH519L |
||
| 100 | 1 |
_aLara, Juan Jacobo de _930669 |
|
| 245 | 1 | 0 |
_aPedro Henríquez Ureña : _bsu vida y su obra / _cJuan Jacobo de Lara ; prólogo Mariano Lebrón Saviñón ; presentación Juan Tomás Mejía Feliú. |
| 260 |
_aSanto Domingo : _bUNPHU, _c1975. |
||
| 300 |
_a244 P. ; _c25 cm. |
||
| 500 | _aIncluye referencias bibliográficas y notas al pie de las páginas | ||
| 504 | _aBIBLIOGRAFÍA: p.234-235 | ||
| 590 | _aInventariado, 2019/VM | ||
| 600 | 1 | 0 |
_aHenríquez Ureña, Pedro, _d1884-1946 _xCrítica e interpretación _91718 |
| 650 | 4 |
_aLitertura dominicana _xColecciones de escritos _940953 |
|
| 651 | 4 |
_aRepública Dominicana _xBiografías _91325 |
|
| 700 | 1 |
_aLebrón Saviñon, Mariano _d1922-2014 _97227 |
|
| 700 | 1 |
_aMejía Feliú, Juan Tomás _923984 |
|
| 710 | 2 |
_aUniversidad Nacional Pedro Henríquez Ureña _983980 |
|
| 910 | _aValidado. Control de calidad MFF | ||
| 942 |
_2ddc _cLBS1 |
||
| 999 |
_c18551 _d18551 |
||